000 01139cam a2200313 i 4500
001 016312805
003 EG-ScBUE
005 20241125100155.0
008 140121t2013 si a f 001 0 eng d
020 _a9781118318706
040 _aIiNdDKA
_beng
_erda
_cIiNdDKA
_dEG-ScBUE
082 0 4 _a519.5
_222
_bMAN
100 1 _aMann, Prem S.,
_eauthor.
_93216
245 1 0 _aIntroductory statistics /
_cPrem S. Mann, Eastern Connecting State University ; with contributions by Christopher Jay Lacke, Rowan University.
250 _aEighth edition.
250 _aInternational student version.
264 1 _aSingapore :
_bJohn Wiley & Sons,
_c[2013]
264 4 _cc2013
300 _a1 volume (various pagings) :
_billustrations ;
_c28 cm
336 _2rdacontent
_atext
_btxt
337 _aunmediated
_2rdamedia
_bn
338 _avolume
_bnc
_2rdacarrier
500 _aIncludes index.
650 7 _aMathematical statistics
_vProblems, exercises, etc.
_2BUEsh
_941268
653 _bBUSECO
_cDecember2016
655 _vReading book
700 1 _aLacke, Christopher J.
_q(Christopher Jay),
_d1966-
_econtributor.
942 _2ddc
_cBB
999 _c23461
_d23433